| 000 | 01685nam a2200397Ia 4500 | ||
|---|---|---|---|
| 001 | ebr10279507 | ||
| 003 | CaPaEBR | ||
| 006 | m u | ||
| 007 | cr cn||||||||| | ||
| 008 | 910605s1992 nyua sb 100 0 eng d | ||
| 010 | _z 91023876 | ||
| 020 | _z019507310X (ppr : alk. ppr.) | ||
| 020 | _z0195073142 (alk. ppr.) | ||
| 020 | _z9780195073102 | ||
| 040 |
_aCaPaEBR _cCaPaEBR |
||
| 035 | _a(OCoLC)72523036 | ||
| 050 | 1 | 4 |
_aP128.F67 _bF67 1991eb |
| 082 | 0 | 4 |
_a415 _220 |
| 245 | 0 | 0 |
_aFormal grammar _h[electronic resource] : _btheory and implementation / _cedited by Robert Levine. |
| 260 |
_aNew York : _bOxford University Press, _c1992. |
||
| 300 |
_ax, 439 p. : _bill. |
||
| 490 | 1 |
_aVancouver studies in cognitive science ; _vv. 2 |
|
| 500 | _aPapers from a Feb. 1989 conference hosted by the Cognitive Science Programme at Simon Fraser University. | ||
| 504 | _aIncludes bibliographical references. | ||
| 533 |
_aElectronic reproduction. _bPalo Alto, Calif. : _cebrary, _d2011. _nAvailable via World Wide Web. _nAccess may be limited to ebrary affiliated libraries. |
||
| 650 | 0 |
_aBiolinguistics _vCongresses. |
|
| 650 | 0 |
_aComputational linguistics _vCongresses. |
|
| 650 | 0 |
_aFormalization (Linguistics) _vCongresses. |
|
| 650 | 0 |
_aGrammar, Comparative and general _vCongresses. |
|
| 655 | 7 |
_aElectronic books. _2local |
|
| 700 | 1 |
_aLevine, Robert, _d1947- |
|
| 710 | 2 |
_aSimon Fraser University. _bCognitive Science Programme. |
|
| 710 | 2 | _aebrary, Inc. | |
| 830 | 0 |
_aVancouver studies in cognitive science ; _vv. 2. |
|
| 856 | 4 | 0 |
_uhttp://site.ebrary.com/lib/rucke/Doc?id=10279507 _zAn electronic book accessible through the World Wide Web; click to view |
| 999 |
_c19412 _d19412 |
||